000 00688nam a2200277Ia 4500
005 20260324113855.0
008 008 260324s9999 xx 000 0 eng d
020 _a9781003393122
037 _aEBOOK
040 _aCRL
040 _beng
040 _cCRL
041 _2eng
041 _aeng
084 _qCRL
100 _aShriram K. Vasudevan; Nitin Vamsi Dantu; Sini Raj Pulari; T.S. Murugesh
_91148516
245 0 _aMachine Learning with oneAPI
260 _bTaylor and Francis
260 _c2023
365 _a
365 _b260
856 _uhttp://www.taylorfrancis.com/books/9781003393122
942 _cEBOOK
999 _c1738394
_d1738394